Match 'Em Up Blitz - Name Game Quiz Stats

 Plays Quiz Updated Jun 6, 2012

Challenge
Share
Tweet
Embed
Score 0/40 Timer 05:00
1 Play Today
% Correct
FICTIONAL
100%
LAST NAME
99.9%
FIRST NAME
99.9%
ACTORS
86.6%
FIRST NAME
86.6%
LAST NAME
86.6%
FICTIONAL COMPLETE
86.4%
ACTORS UNLOCKED
86.4%
FIRST NAME
85.8%
LAST NAME
85.7%
ATHLETES
85.6%
ACTORS COMPLETE
85.5%
ATHLETES UNLOCKED
85.5%
FIRST NAME
82.7%
LAST NAME
82.7%
MUSICIANS
82.6%
ATHLETES COMPLETE
82.5%
MUSICIANS UNLOCKED
82.5%
FIRST NAME
79%
LAST NAME
79%
% Correct
WRITERS
78.9%
MUSICIANS COMPLETE
78.8%
WRITERS UNLOCKED
78.7%
FIRST NAME
67.7%
LAST NAME
67.7%
PAINTERS
67.5%
WRITERS COMPLETE
67.5%
PAINTERS UNLOCKED
67.4%
FIRST NAME
47.6%
LAST NAME
47.6%
LEADERS
47.4%
PAINTERS COMPLETE
47.3%
LEADERS UNLOCKED
47.3%
FIRST NAME
25.6%
LAST NAME
25.6%
INNOVATORS
25.5%
LEADERS COMPLETE
25.4%
INNOVATORS UNLOCKED
25.3%
INNOVATORS COMPLETE
11.9%
WELL DONE
11.8%

You're not logged in!

Compare scores with friends on all Sporcle quizzes.
Join for Free
OR
Log In

You Might Also Like...

Show Comments

Extras

Top Quizzes Today


Score Distribution

Your Account Isn't Verified!

In order to create a playlist on Sporcle, you need to verify the email address you used during registration. Go to your Sporcle Settings to finish the process.

Report this User

Report this user for behavior that violates our Community Guidelines.

Details: